000 00618cam a2200193 i 4500
005 20260122112610.0
008 250721s1999 ua gr 000 0 ara d
020 _a9770305383
082 1 4 _a344.01
_bس ل ي
100 1 _aسليم، عصام أنور
_eمؤلف.
245 1 0 _aقانون العمل /
_cالدكتور عصام انور سليم.
264 3 1 _c1999.
_aالإسكندرية :
_bمنشأة المعارف،
300 _a594 صفحة.
650 1 7 _aقانون العمل.
650 1 7 _aالعاملون.
650 1 7 _aعقود العمل.
942 _2ddc
_cBK
999 _c4709
_d4709